00736nam a2200205Ia 4500003000900000008004100009020001800050040001600068080001600084111003100100245011800131260003900249300001500288650001900303650002900322700003400351942000700385999001700392952012100409IN-BaIIA211028s9999 xx 000 0 eng d a81-85150-19-2 cIIA Library a5(091)bKUM aKumar, Deepak., ed.917483 0aScience and empirebessays in Indian context (1700-1947)cedited by Deepak Kumar  aNew DelhibAnamika Prakashanc1991 axvi, 205p. aNASA Thesaurus aScience-historical97074 aKumar, Deepak, ed. 917484 cBK c10274d10274 00104070aBANbBANcGENd1991-12-26g200.00l0o5(091)/ KUMp11184r2021-11-05v200.00w1991-12-26yBKGRs. 200.00